[Event "4NCL 2007-8"]
[Site "Wokefield Park ENG"]
[Date "2008.03.02"]
[Round "8"]
[White "Povah,N"]
[Black "Chin,F"]
[Result "1-0"]
[WhiteElo "2334"]
[BlackElo "2275"]

1.d4 d5 2.Bg5 Nf6 3.Bxf6 exf6 4.e3 Bf5 5.Nf3 Nd7 6.c4 dxc4 7.Bxc4 Nb6 8.Bb3 Bb4+
9.Nc3 O-O 10.O-O c6 11.Nh4 Qd7 12.Qf3 Bg4 13.Qg3 Rae8 14.Bc2 Bd6 15.f4 Nc4
16.Ne4 Rxe4 17.Bxe4 Re8 18.h3 Rxe4 19.Qxg4 Qe8 20.Nf5 Bf8 21.Rae1 Nxe3 22.Qf3  1-0

[Event "FSIM March"]
[Site "Budapest HUN"]
[Date "2008.03.03"]
[Round "2"]
[White "Duong The Anh"]
[Black "Lorand,N"]
[Result "1-0"]
[WhiteElo "2381"]
[BlackElo "2259"]

1.d4 Nf6 2.Bg5 d5 3.e3 c5 4.Bxf6 gxf6 5.dxc5 e6 6.Nc3 Bxc5 7.Qh5 Nc6 8.O-O-O f5
9.g4 Bb4 10.Nge2 fxg4 11.Rg1 Bd7 12.Rxg4 Qe7 13.a3 Bd6 14.e4 Ne5 15.Rg1 Nc4
16.Nd4 Rc8 17.Bxc4 Rxc4 18.exd5 e5 19.Ndb5 Kd8 20.Nxd6 Qxd6 21.Qxf7 Rf4 22.Rg8+ Rxg8
23.Qxg8+ Rf8 24.Qxh7 Kc8 25.Ne4 Qb6 26.Qe7 Qd8 27.Qxe5  1-0

[Event "65th ch-GEO w"]
[Site "Tbilisi GEO"]
[Date "2008.03.03"]
[Round "5"]
[White "Tereladze,S"]
[Black "Guramishvili,S"]
[Result "0-1"]
[WhiteElo "2195"]
[BlackElo "2300"]

1.d4 Nf6 2.Bg5 d5 3.Nc3 Nbd7 4.Nf3 e6 5.Qd3 Be7 6.h4 b6 7.e4 dxe4 8.Nxe4 Bb7
9.Nc3 a6 10.O-O-O b5 11.Bxf6 Nxf6 12.Ng5 b4 13.Ne2 h6 14.Nf3 Ng4 15.Ne5 Nxf2
16.Qg3 Nxh1 17.Qxg7 Rf8 18.Nf4 Bf6 19.Qxh6 Rh8  0-1

[Event "24th Open"]
[Site "Bad Woerishofen GER"]
[Date "2008.03.05"]
[Round "7"]
[White "Schmitzer,P"]
[Black "Strasser,J GER"]
[Result "1/2-1/2"]
[WhiteElo "2115"]
[BlackElo "1955"]

1.d4 Nf6 2.Bg5 d5 3.Nc3 Bf5 4.e3 h6 5.Bh4 e6 6.a3 a6 7.Be2 Be7 8.Nf3 Nbd7
9.O-O O-O 10.Nd2 Ne4 11.Bxe7 Qxe7 12.Ncxe4 dxe4 13.b4 b6 14.c3 Rfd8 15.Qc2 Nf6
16.Nc4 Nd7  1/2-1/2

[Event "Open"]
[Site "Blackpool ENG"]
[Date "2008.03.08"]
[Round "2"]
[White "Walton,A"]
[Black "Van Kemenade,R"]
[Result "1-0"]
[WhiteElo "2207"]
[BlackElo "2029"]

1.d4 Nf6 2.Bg5 c5 3.d5 Qb6 4.Nc3 Qxb2 5.Bd2 Qb6 6.e4 d6 7.f4 e5 8.fxe5 dxe5
9.Nf3 Nbd7 10.Be2 a6 11.O-O Bd6 12.Nh4 Nf8 13.Bg5 Qb4 14.Bxf6 Qxc3 15.Rf3 Qd4+
16.Qxd4 exd4 17.Bxg7 Rg8 18.Bxf8 Kxf8 19.Raf1 Rg7 20.R3f2 Be5 21.Nf5 Bxf5
22.Rxf5 Re8 23.Rb1 b5 24.a4 bxa4 25.Bd3 f6 26.Ra1 c4 27.Bxc4 d3 28.Rxe5 Rxe5
29.Bxd3 f5 30.exf5 Rxd5 31.Rxa4 a5 32.Kf2 Rg5 33.g4 h5 34.h3 hxg4 35.hxg4 Ke7
36.Kf3 Kf6 37.Rc4 Rd6 38.Rc5 Rd4 39.Rc6+ Ke7 40.Be4 Rd6 41.Rc7+ Rd7 42.f6+ Kd6
43.f7 Kxc7 44.f8=Q Rgg7 45.Qc5+  1-0

[Event "Varsity Match"]
[Site "London ENG"]
[Date "2008.03.08"]
[Round "3"]
[White "Wagner,Ben"]
[Black "Eckersley Waites,A"]
[Result "0-1"]
[WhiteElo "2158"]
[BlackElo "2199"]

1.d4 Nf6 2.Bg5 c5 3.d5 Ne4 4.Bc1 d6 5.f3 Nf6 6.e4 g6 7.a4 e6 8.Bb5+ Nbd7
9.dxe6 fxe6 10.Nh3 a6 11.Bc4 Ne5 12.Ba2 b5 13.O-O Bg7 14.f4 Nf7 15.Ng5 c4
16.Nxf7 Kxf7 17.e5 Qb6+ 18.Kh1 Ne4 19.Qe2 Bb7 20.Nd2 Qc6 21.Nf3 Rhf8 22.Nd4 Qd5
23.Be3 dxe5 24.Nf3 exf4 25.Rad1 Qh5 26.Ng5+ Nxg5 27.Rxf4+ Kg8 28.Rxf8+ Rxf8
29.Qxh5 gxh5 30.Bxg5 Rf2 31.Rg1 Bd4 32.c3  0-1

[Event "XXIII Open"]
[Site "Reykjavik ISL"]
[Date "2008.03.08"]
[Round "6"]
[White "Simutowe,A"]
[Black "Sachdev,T"]
[Result "1/2-1/2"]
[WhiteElo "2457"]
[BlackElo "2417"]

1.d4 Nf6 2.Bg5 d5 3.Bxf6 exf6 4.e3 Bd6 5.c4 dxc4 6.Bxc4 O-O 7.Ne2 f5 8.Nbc3 Nd7
9.O-O Nf6 10.g3 c6 11.a4 a5 12.Qb3 Ng4 13.Rad1 Bd7 14.d5 Qe7 15.Nd4 Ne5 16.Be2 Bb4
17.Rfe1 c5 18.Nc2 Ng4 19.h3 Nf6 20.d6 Qd8 21.Nxb4 axb4 22.Nb5 Ne4 23.Qc2 Ra6
24.Bd3 Bxb5 25.axb5 Rxd6 26.Kg2 Rd5 27.Qb3 Nc3 28.bxc3 Rxd3 29.Qb1 Qd5+ 30.Kg1 Rd2
31.cxb4 cxb4 32.Rxd2 Qxd2 33.Rd1 Qe2 34.Rd4 Qxb5 35.Rxb4 Qd5 36.Rxb7 g6 37.h4 Rd8
38.Rb8 Rxb8 39.Qxb8+ Kg7 40.Qb2+ Kg8 41.Qb6 Qd1+ 42.Kg2  1/2-1/2

[Event "FSIM March"]
[Site "Budapest HUN"]
[Date "2008.03.09"]
[Round "8"]
[White "Duong The Anh"]
[Black "Szamoskozi,G"]
[Result "1/2-1/2"]
[WhiteElo "2381"]
[BlackElo "2280"]

1.d4 Nf6 2.Bg5 c5 3.Bxf6 gxf6 4.dxc5 e6 5.e3 Bxc5 6.Nd2 f5 7.Qh5 d5 8.O-O-O Qf6
9.Ngf3 Nc6 10.Nb3 Bb6 11.Nfd4 Nxd4 12.Nxd4 Bd7 13.Qf3 Qe5 14.c3 O-O-O 15.Bd3 Kb8
16.Kb1 Rhg8 17.g3 h6 18.h3 Qg7 19.Bc2 Qg5 20.Qe2 Qf6 21.g4 fxg4 22.hxg4 e5
23.Nf5 Bxf5 24.Bxf5 d4 25.cxd4 exd4 26.e4 d3 27.Rxd3 Rxd3 28.Qxd3 Bxf2 29.Qd2 Qd4
30.Qxd4 Bxd4 31.Rxh6 Kc7 32.Rh7 Rg7 33.Rh8 f6 34.Rc8+ Kb6 35.Rd8 Be5 36.Rd5 Bf4
37.a4 a5 38.Be6 Rg5 39.Rd7 Rc5 40.Rd3 Kc7 41.Rd7+ Kb6 42.Rd3 Kc7 43.Rb3 Rc1+
44.Ka2 b6 45.Rb5 Rc5 46.Rb3 Be5 47.Kb1 Bf4 48.Rf3 Rc1+ 49.Ka2 Be5 50.Rf2 Kd6
51.Bf5 Bd4  1/2-1/2

[Event "TCh-FIN 2007-8"]
[Site "Finland FIN"]
[Date "2008.03.09"]
[Round "9"]
[White "Rusanov,M"]
[Black "Norri,J"]
[Result "1/2-1/2"]
[WhiteElo "2441"]
[BlackElo "2356"]

1.d4 Nf6 2.Bg5 d5 3.Bxf6 exf6 4.e3 Bd6 5.c4 dxc4 6.Bxc4 O-O 7.Nf3 Nd7 8.Nc3 f5
9.O-O Nf6 10.Nb5 Be7 11.Ne5 c6 12.Nc3 Bd6 13.f4 Qe7 14.a4 Be6 15.Qb3 Bxc4
16.Qxc4 g6 17.Rfe1 Rad8 18.Rab1 Bb4 19.Re2 a5 20.h3 Nd5 21.Nxd5 Rxd5 22.g4 f6
23.gxf5 Kh8 24.Nd3 Rxf5 25.Rf1 Rd8 26.Rf3 Qe4 27.Kg2 c5 28.Nf2 Qd5 29.Qc2 Rh5
30.e4 Qf7 31.dxc5 Rxc5 32.Qb3 Kg7 33.Qxf7+ Kxf7 34.Rd3 Rxd3 35.Nxd3 Rc4 36.Kf3 Be7
37.b3 Rc3 38.Re3 Rc2 39.Re2 Rc3 40.Re3 Rc2 41.Re2  1/2-1/2

[Event "FSIM March"]
[Site "Budapest HUN"]
[Date "2008.03.11"]
[Round "10"]
[White "Duong The Anh"]
[Black "Szegi,T"]
[Result "1-0"]
[WhiteElo "2381"]
[BlackElo "2293"]

1.d4 Nf6 2.Bg5 c5 3.d5 Qb6 4.Bc1 g6 5.Nc3 Bg7 6.e4 d6 7.Bb5+ Nbd7 8.Nf3 O-O
9.Be2 a6 10.O-O Qc7 11.a4 b6 12.Bf4 Nh5 13.Bg5 Re8 14.Qd2 Bb7 15.Bc4 Nhf6
16.h3 Rad8 17.Rad1 Nf8 18.Rfe1 N6d7 19.Bf4 Ne5 20.Nxe5 dxe5 21.Bg5 Rd6 22.f4 Nd7
23.f5 Rd8 24.Bxe7  1-0

[Event "XXIII Open"]
[Site "Reykjavik ISL"]
[Date "2008.03.11"]
[Round "9"]
[White "Thorfinnsson,Bj"]
[Black "Lie,K"]
[Result "1/2-1/2"]
[WhiteElo "2364"]
[BlackElo "2556"]

1.d4 Nf6 2.Bg5 c5 3.Bxf6 gxf6 4.d5 Qb6 5.Qc1 f5 6.Nd2 Bh6 7.e3 d6 8.Bd3 f4
9.exf4 Bxf4 10.Ne2 Bh6 11.O-O Nd7 12.Nc3 Ne5 13.Bb5+ Kd8 14.Kh1 a6 15.Be2 Qb4
16.Qd1 Qd4 17.Nf3 Qxd1 18.Raxd1 Nxf3 19.Bxf3 Bg7 20.Nb1 Bxb2 21.c3 Bf5 22.Rd2 Ba1
23.Rc1 b5 24.Na3 Bxc3 25.Rxc3 b4 26.Rb3 bxa3 27.Rxa3 Kd7 28.Be2 Rhb8 29.g4 Bg6
30.h4 Rb4 31.h5 Bb1 32.Kh2 h6 33.Kg3 f5 34.f4 fxg4 35.Bxg4+ Kd8 36.Re2 Re4
37.Rb2 Rb4 38.Re2 Re4 39.Rb2 Rb4  1/2-1/2

[Event "39th Open"]
[Site "Mar del Plata ARG"]
[Date "2008.03.16"]
[Round "2"]
[White "Roque,F"]
[Black "Fidel,R"]
[Result "1/2-1/2"]
[WhiteElo "1951"]
[BlackElo "2168"]

1.d4 Nf6 2.Bg5 d5 3.Bxf6 exf6 4.e3 Bf5 5.Nd2 Bd6 6.Ngf3 O-O 7.c4 c6 8.cxd5 cxd5
9.Be2 Nc6 10.a3 Qb6 11.Qb3 Qxb3 12.Nxb3 Bc2 13.Nbd2 Rac8 14.Rc1 Na5 15.O-O Ba4
16.Nh4 g6 17.Bf3 Nb3 18.Nxb3 Bxb3 19.Be2 a6 20.Nf3 Ba4 21.Nd2 Rfe8 22.Bf3 Bc6
23.Rc3 f5 24.Rfc1 Rcd8 25.g3 Bf8 26.Nb3 g5 27.Na5 f4 28.Nxc6 bxc6 29.b4 fxe3
30.fxe3 a5 31.bxa5 Ra8 32.Kf2 Rxa5 33.Rxc6 Rxa3 34.R6c3 Ra5 35.g4 Bd6 36.h3 Re6
37.R1c2 Kg7 38.Rb3 h6 39.Rcb2 Bc7 40.Rb5 Ra3 41.Re2 Bb6 42.Rxd5 Rf6 43.Rf5 Rd6
44.Rb5 Rf6 45.d5 Ba7 46.Rb1 Bc5 47.Rc1 Bb6 48.Rc4 Rd3 49.Rc6 Rxc6 50.dxc6 Rc3
51.Be4 Kf6 52.Bd5 Ke5 53.Bg2 f6 54.Bf3  1/2-1/2

[Event "39th Open"]
[Site "Mar del Plata ARG"]
[Date "2008.03.16"]
[Round "3"]
[White "Lida Garcia,F"]
[Black "Cristobal,R"]
[Result "0-1"]
[WhiteElo "2049"]
[BlackElo "2283"]

1.d4 Nf6 2.Bg5 c5 3.Bxf6 gxf6 4.d5 f5 5.e3 Bg7 6.c3 O-O 7.Bd3 e6 8.Nf3 d6
9.Qc2 Na6 10.O-O Nc7 11.dxe6 fxe6 12.e4 c4 13.Bxc4 fxe4 14.Nd4 d5 15.Bb3 Qh4
16.Nd2 Bd7 17.a4 Rf6 18.Rae1 Rh6 19.h3 Rg6 20.Re3 Bh6 21.Rg3 Rxg3 22.fxg3 Qxg3
23.Nxe4 dxe4 24.Qxe4 Qe3+ 25.Qxe3 Bxe3+ 26.Kh2 Bxd4  0-1

[Event "72nd ch-BUL"]
[Site "Plovdiv BUL"]
[Date "2008.03.16"]
[Round "4"]
[White "Mladenov,P"]
[Black "Milchev,N"]
[Result "1/2-1/2"]
[WhiteElo "2288"]
[BlackElo "2373"]

1.d4 Nf6 2.Bg5 c5 3.d5 Ne4 4.Bf4 Qb6 5.Bc1 f5 6.f3 Nd6 7.b3 e5 8.Bb2 Nf7
9.Nd2 Qg6 10.e4 d6 11.Qe2 a6 12.O-O-O Be7 13.f4 fxe4 14.Nxe4 Bg4 15.Nf3 Nd7
16.Nf2 Bxf3 17.gxf3 Qh6 18.Nd3 O-O-O 19.Kb1 Bf6 20.Bc1 Qh5 21.fxe5 Nfxe5
22.f4 Qxe2 23.Bxe2 Nxd3 24.Bxd3 Bc3 25.Bf5 Rdf8 26.Be6 Kc7 27.Rhg1 g6 28.Rdf1 Bd4
29.Rg2 b5 30.Bb2 Bxb2 31.Kxb2 Rf6 32.f5 Rhf8 33.h4 Ne5 34.h5 Kb6 35.fxg6 Rxf1
36.g7 c4 37.gxf8=Q Rxf8 38.Rg7 h6 39.Rh7 a5 40.a3 cxb3 41.cxb3 Kc5 42.Rxh6 Kd4
43.Rh7 Rf2+ 44.Kb1 Kc3 45.Rg7 Nd3 46.Rg3 Rb2+ 47.Ka1 Rd2 48.Bf5 Rd1+ 49.Ka2 Rd2+  1/2-1/2

[Event "LIV Abierto Mexicano de Ajedrez"]
[Site "Aguascalientes MEX"]
[Date "2008.03.20"]
[Round "3"]
[White "Almeida Saenz,A"]
[Black "Hernandez Guerrero,G"]
[Result "0-1"]
[WhiteElo "2426"]
[BlackElo "2548"]

1.d4 Nf6 2.Bg5 c5 3.Bxf6 gxf6 4.d5 Qb6 5.Qc1 f5 6.c4 Bg7 7.Nc3 d6 8.e3 Nd7
9.Nh3 Qb4 10.Qc2 Nb6 11.a3 Bxc3+ 12.bxc3 Qa4 13.Qa2 e5 14.Be2 Rg8 15.O-O f4
16.Kh1 f3 17.Bxf3 Bxh3 18.gxh3 Qxc4 19.Qc2 Qh4 20.Bg4 h5 21.Bf5 Kd8 22.f4 Qe7
23.a4 Nxd5 24.Qd3 Nf6 25.Rab1 Rb8 26.Be4 Nxe4 27.Qxe4 exf4 28.Qxf4 Kc7 29.Rb5 Rg5
30.Qxf7 Qxf7 31.Rxf7+ Kc6 32.Rb1 Re5 33.a5 Rxe3 34.a6 b5 35.c4 Rb6 36.Rxa7 bxc4
37.Rc1 Ra3 38.Rh7 Rbxa6 39.Rxc4 Rxh3 40.Kg2 Rd3 41.Rc2 Rd5 42.Rh8 Ra7 43.Kh3 Ra3+
44.Kh4 Ra4+ 45.Kh3 Re4 46.Rc8+ Kd7 47.Rh8 c4 48.Ra2 Rd3+ 49.Kg2 h4 50.Ra6 Re2+
51.Kf1 Rxh2 52.Rh7+ Ke6 53.Rh6+ Ke5  0-1

[Event "31st San Sebastian Open"]
[Site "Donostia ESP"]
[Date "2008.03.20"]
[Round "6"]
[White "Puerto Traver,J"]
[Black "Iglesias Gonzalez,V"]
[Result "1-0"]
[WhiteElo "2105"]
[BlackElo "1784"]

1.d4 d5 2.Bg5 Nf6 3.Bxf6 exf6 4.e3 c5 5.Nc3 c4 6.g3 Be6 7.Bg2 Bb4 8.Ne2 Nc6
9.O-O O-O 10.e4 Bxc3 11.Nxc3 dxe4 12.d5 Qb6 13.dxe6 Qxb2 14.exf7+ Rxf7 15.Nxe4 Nb4
16.a3 Nc6 17.Nd6 Rd7 18.Qd5+ Kf8 19.Bh3 Re7 20.Rae1 Ne5 21.Rb1 Qxa3 22.Rxb7 Rd8
23.Rxe7 Kxe7 24.Nf5+ Ke8 25.Nxg7+ Ke7 26.Qe6+  1-0

[Event "ch-SRB"]
[Site "Mataruska Banja SRB"]
[Date "2008.03.20"]
[Round "6"]
[White "Miladinovic,I"]
[Black "Vuckovic,Bo"]
[Result "1/2-1/2"]
[WhiteElo "2604"]
[BlackElo "2556"]

1.d4 Nf6 2.Bg5 c5 3.dxc5 e6 4.e3 Bxc5 5.Nd2 Be7 6.Ngf3 O-O 7.Bd3 d6 8.O-O b6
9.a4 Bb7 10.a5 Nbd7 11.a6 Bxf3 12.Nxf3 Rc8 13.Nd4 Ne8 14.Bxe7 Qxe7 15.Bb5 Nb8
16.e4 Nc7 17.Bd3 g6 18.c3 Rfd8 19.Qg4 Qd7 20.Qe2 Nc6 21.Rfd1 Nxd4 22.cxd4 Qe7
23.Qd2 Ne8 24.Rac1 Qd7 25.Ra1 Rc7 26.h4 Qe7 27.g3 Nf6 28.Kg2 h5 29.Qg5 Kg7
30.f3 Rdc8 31.Kf1 Ng8 32.Qd2 Nf6 33.Ke2 Ng8 34.Ra3 Nf6 35.Qg5 Ng8 36.Kd2 d5
37.Qxe7 Nxe7 38.Rc3 Rxc3 39.bxc3 Nc6 40.exd5 exd5 41.Re1 Kf8 42.g4 hxg4 43.fxg4 Ne7
44.h5 gxh5 45.gxh5 Rc6 46.Re3 Rf6 47.Ke2 Rh6 48.Rh3 Ng8 49.Ke3 Rc6 50.Kd2 Rh6
51.Be2 Rf6 52.Rf3 Rh6 53.Rf5 Ne7 54.Rg5 b5 55.Bxb5 f6 56.Rg1 Rxh5 57.Be2 Rh2
58.Rb1 Nf5 59.Rb8+ Ke7 60.Ke1 Rh1+ 61.Kf2 Rh2+ 62.Ke1 Rh1+ 63.Kd2 Rh2 64.Rg8 Kf7
65.Rg1 Nd6 66.Ke3 Ke6 67.Bg4+ f5 68.Bf3 Nc4+ 69.Kf4 Rh4+ 70.Kg5 Rh3 71.Kf4 Rh4+
72.Kg3 Rh7 73.Re1+ Kd6 74.Re8 Nb6 75.Rg8 Re7 76.Kf4 Kc6 77.Rg6+ Kb5 78.Kxf5 Rf7+
79.Kg4 Kxa6 80.Bxd5 Rc7 81.Bc6 Nc8 82.c4 Ka5 83.Rg5+ Kb4 84.Bd5 Kc3 85.Be6 Kxd4
86.Rd5+  1/2-1/2

[Event "ch-Siberia"]
[Site "Novokuznetsk RUS"]
[Date "2008.03.20"]
[Round "8"]
[White "Fellenger,A"]
[Black "Veselyy,A"]
[Result "1-0"]
[WhiteElo "2201"]
[BlackElo "2116"]

1.d4 d5 2.Bg5 Nf6 3.Nd2 Nc6 4.c3 Bf5 5.e3 Ne4 6.Nxe4 Bxe4 7.Nf3 g6 8.Nd2 Bf5
9.Qb3 Rb8 10.e4 Be6 11.Qa4 dxe4 12.Bb5 Qd5 13.Be3 f5 14.c4 Qd6 15.d5 a6 16.Bxc6+ bxc6
17.dxc6 f4 18.Bxf4  1-0

[Event "LIV Abierto Mexicano de Ajedrez"]
[Site "Aguascalientes MEX"]
[Date "2008.03.22"]
[Round "8"]
[White "Cordova,Em"]
[Black "Espinosa Flores,R"]
[Result "0-1"]
[WhiteElo "2493"]
[BlackElo "2386"]

1.d4 Nf6 2.Bg5 c5 3.d5 Qb6 4.Nc3 h6 5.Bd2 e5 6.e4 d6 7.Bd3 g6 8.Na4 Qd8 9.c4 Bg7
10.Qc1 h5 11.Ne2 h4 12.h3 Nh5 13.b4 b6 14.bxc5 dxc5 15.O-O Bxh3 16.gxh3 Qd7
17.Nec3 Qxh3 18.Be2 Nd7 19.Qd1 Ng3 20.Bf3 Nxf1 21.Bg2 Qh2+ 22.Kxf1 Nf6 23.Qf3 h3
24.Bh1 Nh5 25.Nb5 O-O 26.Ke2 f5 27.Rf1 fxe4 28.Qe3 Rf3 29.Bxf3 Ng3+ 30.Kd1 Nxf1
31.Qxe4 Qxf2 32.Qe2 Qxe2+ 33.Kxe2 Nxd2 34.Kxd2 Rf8 35.Ke2 h2 36.Bg2 Rf4 37.Nd6 Rh4
38.Bh1 Rg4 39.Ne4 Rg1 40.Nf2 e4 41.d6 Kf7  0-1

[Event "12th Neckar Open A"]
[Site "Deizisau GER"]
[Date "2008.03.22"]
[Round "5"]
[White "Jugelt,T"]
[Black "Farago,I"]
[Result "1-0"]
[WhiteElo "2393"]
[BlackElo "2475"]

1.d4 Nf6 2.Bg5 d5 3.e3 c5 4.Bxf6 gxf6 5.Nc3 e6 6.Qh5 cxd4 7.exd4 Nc6 8.O-O-O Bb4
9.Nge2 Bd7 10.h4 Qe7 11.Rh3 O-O-O 12.Re3 Qf8 13.g3 Kb8 14.Qf3 f5 15.a3 Be7
16.Kb1 Na5 17.Nf4 Rc8 18.Ncxd5 exd5 19.Qxd5 Ba4 20.b3 Nxb3 21.cxb3 Bc6 22.Qxf5 Bxa3
23.Bc4 Rc7 24.Nd3 Qd6 25.Qe5 Rd8 26.Qxd6 Bxd6 27.Ne5 Be8 28.Ng4 f5 29.Nf6 Bc6
30.d5 f4 31.Re6 Bd7 32.Nxd7+ Rcxd7 33.gxf4 Bxf4 34.Rd4 Bc7 35.f4 b5 36.Bxb5 Rxd5
37.Rxd5 Rxd5 38.Bc6 Rd6 39.Re8+ Bd8 40.Be4 Kc7 41.h5 Rf6 42.f5 Rh6 43.Bf3 Rd6
44.Kc2 h6 45.Bg4 Rd4 46.Rg8 Bg5 47.Rg7+ Rd7 48.f6  1-0

[Event "31st San Sebastian Open"]
[Site "Donostia ESP"]
[Date "2008.03.22"]
[Round "8"]
[White "Puerto Traver,J"]
[Black "Torres,P"]
[Result "1-0"]
[WhiteElo "2105"]
[BlackElo "2003"]

1.d4 d5 2.Bg5 Nf6 3.Bxf6 exf6 4.e3 Bd6 5.c4 dxc4 6.Bxc4 c6 7.Nc3 O-O 8.Qc2 b5
9.Bd3 g6 10.Nf3 f5 11.a4 b4 12.Ne2 a5 13.O-O Be6 14.Bc4 Bc8 15.Rfd1 Qe7 16.Rac1 Nd7
17.Nf4 Nf6 18.Nd3 Bb7 19.Nc5 Bxc5 20.dxc5 Kg7 21.Be2 Ne4 22.Nd4 Rfd8 23.Nb3 Qc7
24.Rxd8 Rxd8 25.Rd1 Bc8 26.Rxd8 Qxd8 27.Qd3 Qxd3 28.Bxd3 Be6 29.Bxe4 Bxb3
30.Bxc6 Kf6 31.f3 Ke5 32.Kf2 Bd5 33.Bb5 Be6 34.Ke2 Kd5 35.c6 Kd6 36.Kd3 Bd5
37.Kd4 Bxc6 38.Bxc6 Kxc6 39.Kc4 g5 40.g4 fxg4 41.fxg4 f5 42.gxf5 h5 43.Kd4 Kd6
44.e4 h4 45.e5+ Kc6 46.Ke3 b3 47.Kf3 Kd5 48.e6  1-0

[Event "20th Festival"]
[Site "Lenk SUI"]
[Date "2008.03.23"]
[Round "6"]
[White "Curien,N"]
[Black "Freuler,R"]
[Result "1-0"]
[WhiteElo "2232"]
[BlackElo "2070"]

1.d4 Nf6 2.Bg5 c5 3.Bxf6 gxf6 4.e3 Qb6 5.Nf3 Qxb2 6.Nbd2 Qb6 7.Bd3 Bg7 8.O-O d6
9.Rb1 Qc7 10.Nh4 e6 11.Qh5 Nd7 12.d5 Ke7 13.f4 Nf8 14.Rf3 f5 15.c4 Bc3 16.dxe6 fxe6
17.Rg3 Qc6 18.Qg5+ Bf6 19.Qh6 Ng6 20.Rxg6 hxg6 21.Nxg6+ Kf7 22.Nxh8+ Bxh8
23.Qxh8 b6 24.Qh5+ Kf6 25.Qg5+ Kf7 26.Be2  1-0

[Event "Far West Open"]
[Site "Reno USA"]
[Date "2008.03.23"]
[Round "5"]
[White "Funderburg,J"]
[Black "Strugatsky,V"]
[Result "0-1"]
[WhiteElo "2114"]
[BlackElo "2400"]

1.d4 Nf6 2.Bg5 c5 3.d5 Qb6 4.Nc3 d6 5.Rb1 Nbd7 6.e4 g6 7.Nf3 Bg7 8.Be2 O-O
9.O-O Qc7 10.Qd2 Nb6 11.Bh6 Bg4 12.Bxg7 Kxg7 13.Ng5 Bxe2 14.Qxe2 h6 15.Nh3 Rae8
16.Rbd1 a6 17.f4 e6 18.dxe6 Rxe6 19.Qf3 Qe7 20.Nf2 Qc7 21.Kh1 Qc6 22.f5 Ree8
23.Ng4 Nxg4 24.Qxg4 Re5 25.Rd3 d5 26.Rh3 Qf6 27.exd5 Nxd5 28.Nxd5 Rxd5 29.Rhf3 g5
30.h3 Re8 31.Qc4 Rd2 32.Qxc5 Ree2 33.R3f2 Rxf2 34.Rxf2 Rxf2 35.Qxf2 Qxb2
36.a4 Qa1+ 37.Kh2 Qxa4 38.Qc5 Qc6 39.Qe5+ Qf6 40.Qe4 Qd6+ 41.Kh1 b5 42.c3 a5
43.c4 b4 44.Qc2 Qe5 45.c5 Qc3 46.f6+ Kxf6 47.Qh7 Qxc5 48.Qxh6+ Ke7 49.Qa6 Qd5  0-1

[Event "SCT Ladies Open"]
[Site "Stockholm SWE"]
[Date "2008.03.23"]
[Round "6"]
[White "Juergens,V"]
[Black "Umudova,N"]
[Result "0-1"]
[WhiteElo "2310"]
[BlackElo "2205"]

1.d4 Nf6 2.Bg5 g6 3.Bxf6 exf6 4.e3 d5 5.c4 dxc4 6.Bxc4 Bd6 7.Nc3 c6 8.a3 O-O
9.g3 Qe7 10.Qf3 Be6 11.Bd3 f5 12.Nge2 Nd7 13.O-O Nb6 14.Nf4 Bc4 15.Qe2 Bxd3
16.Nxd3 a5 17.Rfd1 Rfe8 18.Qf3 Rad8 19.Rac1 Kg7 20.Ne2 Nd5 21.Nc5 Nf6 22.Nf4 Ne4
23.Nb3 Bxf4 24.Qxf4 Rd5 25.Nd2 g5 26.Qf3 g4 27.Qg2 Ng5 28.Kh1 Qe6 29.h4 gxh3
30.Qf1 Rb5 31.Rc2 Qd5+ 32.Kh2 Nf3+ 33.Nxf3 Qxf3 34.Qh1 Qh5 35.Re1 Qg6 36.Rce2 Qe6
37.Qf3 Qe4 38.Qxe4 fxe4 39.Kxh3 Re6 40.Kg2 Rh6 41.Rh1 Rxh1 42.Kxh1 Kf6 43.Kg2 Ke6
44.f3 Kd5 45.Rc2 f5 46.Kf2 a4 47.f4 Ke6 48.Kg2 Rb3 49.Kf2 Kf6 50.Re2 Kg6
51.Kg2 Kh5 52.Kf2 Kg4 53.Rc2 Kh3 54.Rd2 h6 55.Rc2 Rd3 56.Rc5 Kg4 57.Rc2 Kh3
58.Rc5 Rd2+ 59.Ke1 Rxb2 60.Rxf5 Kxg3 61.Rh5 Rb3 62.Ke2 Rxa3 63.Rxh6 Ra2+
64.Kd1 Rf2 65.Kc1 Kf3 66.Rh3+ Ke2 67.Kb2 Kd3+ 68.Ka3 Kc3 69.Rh1 Rf3 70.Re1 Kd2
71.Rb1 b5 72.Kb4 Rxe3 73.Kc5 Rc3+ 74.Kd6 e3 75.d5 cxd5  0-1

[Event "Spring Open"]
[Site "Belgrade SCG"]
[Date "2008.03.25"]
[Round "1"]
[White "Masovic,B"]
[Black "Jovicic,R"]
[Result "0-1"]
[WhiteElo "1852"]
[BlackElo "2288"]

1.d4 Nf6 2.Bg5 g6 3.Bxf6 exf6 4.e3 Bg7 5.g3 O-O 6.Bg2 f5 7.h4 h6 8.Nf3 d6
9.c3 Nd7 10.Nbd2 Nf6 11.O-O Bd7 12.Re1 Re8 13.Rc1 Rb8 14.c4 c5 15.Nb3 Qb6
16.Qd2 Qc7 17.Qc2 Ba4 18.Nfd2 Ng4 19.Qb1 Qb6 20.Qd3 Re7 21.Red1 Rbe8 22.h5 cxd4
23.exd4 Re2 24.Rf1 Bxb3 25.Nxb3 Rxb2 26.hxg6 fxg6 27.Bf3 h5 28.c5 dxc5 29.dxc5 Qf6
30.Rc2 Rxc2 31.Qxc2 Re7 32.Qd2 Kh7 33.Re1 Ne5 34.Bg2 h4 35.Qc3 Nf3+ 36.Qxf3 Rxe1+
37.Kh2 hxg3+ 38.Qxg3 Qe7 39.Qf3 Be5+ 40.Kh3 Re4 41.Bh1  0-1

[Event "Spring Festival"]
[Site "Budapest HUN"]
[Date "2008.03.25"]
[Round "5"]
[White "Hoang Thanh Trang"]
[Black "Kahn,E"]
[Result "1-0"]
[WhiteElo "2475"]
[BlackElo "2326"]

1.d4 Nf6 2.Bg5 g6 3.Bxf6 exf6 4.e3 Bg7 5.g3 O-O 6.Bg2 d5 7.Ne2 c6 8.O-O Re8
9.Nd2 Na6 10.b3 Nc7 11.Nf4 Ne6 12.Nd3 Ng5 13.c4 Bh3 14.Nf4 Bxg2 15.Kxg2 Ne6
16.Ne2 f5 17.Rc1 c5 18.dxc5 Nxc5 19.Nf4 dxc4 20.Nxc4 Ne4 21.Qf3 Re7 22.Rfd1 Rd7
23.Rxd7 Qxd7 24.Rd1 Qc6 25.Nd5 Qc5 26.Qe2 b5 27.Na5 Rc8 28.b4 Qf8 29.Qxb5 Rc2
30.Nc6 Rxf2+ 31.Kg1 Rd2 32.Rxd2 Nxd2 33.Nxa7 Bb2 34.Nc6 Qh6 35.Qe2 Bc1 36.Qd1 g5
37.Qxc1 Nf3+ 38.Kg2 Qxh2+ 39.Kxf3 g4+ 40.Kf4 Qf2+ 41.Kg5 h6+ 42.Kxh6 Qh2+
43.Kg5  1-0

[Event "ch-SRB"]
[Site "Mataruska Banja SRB"]
[Date "2008.03.25"]
[Round "10"]
[White "Miladinovic,I"]
[Black "Leskur,D"]
[Result "1-0"]
[WhiteElo "2604"]
[BlackElo "2468"]

1.d4 Nf6 2.Bg5 d5 3.e3 e6 4.Nd2 Be7 5.Bd3 Nbd7 6.f4 b6 7.Ngf3 Bb7 8.Ne5 Nxe5
9.fxe5 Ne4 10.Bxe7 Qxe7 11.Bxe4 dxe4 12.Qg4 f5 13.exf6 gxf6 14.Qh5+ Qf7 15.Qb5+ Qd7
16.Qxd7+ Kxd7 17.O-O Ke7 18.Rf4 f5 19.Nc4 h5 20.Ne5 Rhg8 21.a4 a5 22.Kf2 Rad8
23.g3 Kf6 24.c3 Rg7 25.Rg1 Rh8 26.Ke1 Rd8 27.Rgf1 Rh8 28.R1f2 Rgh7 29.Kd2 Rg7
30.Kc2 Bd5 31.b3 Bb7 32.Kb2 Ra8 33.Ka3 Rh7 34.g4 hxg4 35.Rxg4 Ke7 36.Rg3 Re8
37.Ng6+ Kd6 38.Nf4 c5 39.Rg6 cxd4 40.cxd4 Bd5 41.Rc2 Reh8 42.Rgg2 Rb8 43.Rc1 Rbh8
44.Rcc2 Rb8 45.Rg1 Rbh8 46.Rh1 Rg8 47.Rhc1 Rgh8 48.Ng6 Rg8 49.Ne5 Rb8 50.h4 b5
51.axb5 Rxb5 52.Rc3 Rhb7 53.Rb1 Rb4 54.h5 Rh7 55.h6 Rbb7 56.Rh1 Ke7 57.Ng6+ Kd6
58.Nf4 Rh8 59.Ng6 Rg8 60.Nf4 Rh7 61.Rc5 Rg3 62.Rxa5 Bb7 63.Rb5 Rxe3 64.Rb6+ Kc7
65.Rxe6 Rf3 66.Rh4 e3 67.d5 Rxf4 68.Rxf4 Bxd5 69.Rxe3 Rxh6 70.Rxf5 Bc6 71.Rg5  1-0

[Event "Spring Open"]
[Site "Belgrade SCG"]
[Date "2008.03.27"]
[Round "3"]
[White "Pucarevic,M"]
[Black "Dzunic,V"]
[Result "1-0"]
[WhiteElo "2227"]
[BlackElo "2049"]

1.d4 d5 2.Bg5 Nf6 3.Bxf6 exf6 4.e3 c6 5.Nd2 Bd6 6.Bd3 O-O 7.c3 f5 8.g3 Re8
9.Qf3 g6 10.Ne2 Nd7 11.h4 h5 12.Bxf5 gxf5 13.Qxh5 Nf6 14.Qf3 Ne4 15.Nf4 Bxf4
16.gxf4 Qf6 17.O-O-O Kf8 18.Qe2 Nxd2 19.Kxd2 Be6 20.Rdg1 Ke7 21.Rg5 Rh8 22.Qd1 Rag8
23.Qa4 Bc8 24.Qxa7 Rxg5 25.hxg5 Qg7 26.Rxh8 Qxh8 27.Qb8 Kd7 28.Kc2 Qe8 29.Kb3 Qe6
30.Qa7 Qd6 31.a4 Kd8 32.Ka2 Qc7 33.a5 b5 34.axb6 Qxa7+ 35.bxa7 Bb7 36.Ka3 Kc7
37.Kb4 Kb6 38.b3 Ba8 39.f3 Bb7 40.c4 Ba8 41.e4 dxe4 42.fxe4 fxe4 43.f5 c5+
44.dxc5+ Kxa7 45.g6 e3 46.Kc3 fxg6 47.f6  1-0

[Event "Sozina Open"]
[Site "Bar MNE"]
[Date "2008.03.29"]
[Round "1"]
[White "Miladinovic,I"]
[Black "Marinkovic,Sl"]
[Result "1/2-1/2"]
[WhiteElo "2604"]
[BlackElo "2373"]

1.d4 Nf6 2.Bg5 d5 3.e3 Ne4 4.Bf4 c5 5.Nd2 Nxd2 6.Qxd2 cxd4 7.exd4 Nc6 8.Nf3 a6
9.Bd3 Bg4 10.Ne5 Nxe5 11.Bxe5 f6 12.Bg3 e6 13.Qf4 Bh5 14.O-O Bg6 15.Rfe1 Kf7
16.Qe3 Qd7 17.Be2 Rc8 18.Bg4 Bf5 19.Bxf5 exf5 20.c3 h5 21.h4 Bd6 22.Bxd6 Qxd6
23.Qf3 g6 24.a4 Rhe8 25.a5 Kg7 26.g3 Re4 27.Rxe4 fxe4 28.Qe3 Rb8 29.c4 dxc4
30.Qxe4 f5 31.Qf3 Qxd4 32.Rd1 Qe5 33.Rd7+ Kg8 34.Kh2 Rf8 35.Qxb7 f4 36.Qd5+ Qxd5
37.Rxd5 Rb8 38.Rd2 fxg3+ 39.Kxg3 Rb5 40.Rd6 Kg7 41.Rxa6 Rxb2 42.Ra7+ Kg8
43.Kf3 c3 44.Ke3 c2 45.Kd2 c1=Q+ 46.Kxc1 Rxf2 47.Kb1 Rf5 48.Kc2 g5 49.a6 Ra5
50.hxg5 h4 51.g6 h3 52.Rh7 Rxa6 53.Rxh3 Rxg6  1/2-1/2

[Event "Spring Open"]
[Site "Belgrade SCG"]
[Date "2008.03.29"]
[Round "5"]
[White "Masovic,B"]
[Black "Cetkovic,Mi"]
[Result "0-1"]
[WhiteElo "1852"]
[BlackElo "2252"]

1.d4 Nf6 2.Bg5 c5 3.Bxf6 gxf6 4.d5 Qb6 5.Qc1 f5 6.c4 Bg7 7.Nc3 e5 8.Qc2 d6
9.Qb3 Qc7 10.e4 O-O 11.Bd3 fxe4 12.Bxe4 f5 13.Bf3 Bh6 14.g3 Nd7 15.Nb5 Qb6
16.Nc3 Qd8 17.Nb5 e4 18.Be2 Ne5 19.f4 exf3 20.Bxf3 a6 21.Na3 Qg5 22.Rd1 f4
23.Be4 Bg4 24.Qxb7 Bg7 25.h4 Qf6 26.Rd2 fxg3 27.Ne2 g2 28.Bxg2 Qf2+ 29.Kd1 Qxg2
30.Rg1 Qxg1+  0-1